Students' hand book of advanced corporate accounting / (Record no. 141209)

MARC details
000 -LEADER
fixed length control field 00578nam a22001937a 4500
005 - DATE AND TIME OF LATEST TRANSACTION
control field 20170616122137.0
010 ## - LCCN (DPL NO)
LC control number ENG-118717
020 ## - INTERNATIONAL STANDARD BOOK NUMBER
International Standard Book Number 97881920609
Terms of availability 370.00
035 ## - SYSTEM CONTROL NUMBER
System control number EN-102249
037 ## - SOURCE OF ACQUISITION
Source of stock number/acquisition DBAD/PUB
082 ## - DEWEY DECIMAL CLASSIFICATION NUMBER
Classification number 657.0519
100 ## - MAIN ENTRY--PERSONAL NAME
Personal name Prasad, G.
245 ## - TITLE STATEMENT
Title Students' hand book of advanced corporate accounting /
Statement of responsibility, etc by G. Prasad
260 ## - PUBLICATION, DISTRIBUTION, ETC. (IMPRINT)
Place of publication, distribution, etc Guntur
Name of publisher, distributor, etc Jai Bharat Publishers
Date of publication, distribution, etc 2013
270 ## - ADDRESS
Address 2/18 Brodiepet, Guntur-522002
300 ## - PHYSICAL DESCRIPTION
Extent Various pagings
Dimensions 28cm.(pbk)
490 ## - SERIES STATEMENT
Series statement JBP Competitive Series
942 ## - ADDED ENTRY ELEMENTS (KOHA)
Source of classification or shelving scheme Dewey Decimal Classification
Item type English Books
Classification part 657.0519
Call number suffix PRA
Holdings
Withdrawn status Lost status Not for loan Collection code Home library Current library Date acquired Source of acquisition Cost, normal purchase price Full call number Barcode Copy number Cost, replacement price Koha item type
      Non-fiction Patel Nagar Patel Nagar 16/06/2017 DBAD/PUB 370.00 657.0519 PRA EN-102249 1 370.00 English Books

© Delhi Public Library
Hit Counter
free hit counter